000 01200nam a22002777a 4500
003 OSt
005 20250412133512.0
008 240904b ||||| |||| 00| 0 eng d
040 _c0
082 _aDPer 621.317 Ie21 December 2022 v.37 n. 12 part 1&2.
100 _aHuang, Rui.
_eauthor.
_960124
245 _aAn optimized asymmetric modulation scheme for tree-phase buck rectifier without input current distortion at the sector boundaries /
_cRui Huang, Jianping Xu, Quing Chen, Xia Guo, and Chenli Zhou.
260 _aNew York ;
_bThe Institute of Electrical and Electronics Engineers, Inc.,
_cDecember 2022.
300 _avolume 37, pages 14040-14051,
_billustration.
500 _aIEEE Transactions on Power Electronics, v. 37 n. 12, pages 14040-14051, December 2022.
650 0 _aInput current distortion.
_966382
650 0 _amodulation scheme.
_966383
650 0 _athree-phase buck rectifier.
_966384
700 _aHuang, Rui.
_eauthor.
_960124
700 _aXu, Jianping.
_eauthor.
_960125
700 _aChen, Quing.
_eauthor.
_960126
700 _aGuo, Xia.
_eauthor.
_960127
700 _aGuo, Xia .
_eauthor.
_960128
700 _aZhou, Chenli.
_eauthor.
_960129
942 _2ddc
_cPER
999 _c21299
_d21299